Ионная хроматография. Анализ органических соединений. Ч. 2 (Запись № 7877745)

Подробности
000 -МАРКЕР
контрольное поле 01413nam2a22002771 4500
001 - ИДЕНТИФИКАТОР ЗАПИСИ
контрольное поле rc\335206
005 - ИДЕНТИФИКАТОР ВЕРСИИ
контрольное поле 20250612174950.0
035 ## - ДРУГИЕ СИСТЕМНЫЕ НОМЕРА
Идентификатор записи (NLR Aleph) 008763146
100 ## - ДАННЫЕ ОБЩЕЙ ОБРАБОТКИ
Данные общей обработки 20030307d1990 |||y0rusy50 ca
101 0# - ЯЗЫК РЕСУРСА
Язык текста, звукозаписи и т.д. русский
102 ## - СТРАНА ПУБЛИКАЦИИ ИЛИ ПРОИЗВОДСТВА
Страна публикации Российская Федерация
105 ## - ПОЛЕ КОДИРОВАННЫХ ДАННЫХ: ТЕКСТОВЫЕ МАТЕРИАЛЫ, МОНОГРАФИЧЕСКИЕ
Кодированные данные о монографическом текстовом документе a |||||||||
200 0# - ЗАГЛАВИЕ И СВЕДЕНИЯ ОБ ОТВЕТСТВЕННОСТИ
Основное заглавие Ч. 2
Первые сведения об ответственности К.В. Бакланов, О.А. Шпигун, А.А. Иванов, С.С. Криволапов
210 ## - ПУБЛИКАЦИЯ, РАСПРОСТРАНЕНИЕ И ДР.
Дата издания, распространения и т.д. 1990
Место издания, распространения и т.д. Б. м.
215 ## - ФИЗИЧЕСКАЯ ХАРАКТЕРИСТИКА
Специфическое обозначение материала и объем 54, [2] с.
Другие сведения о физической характеристике ил.
Размеры 21
225 1# - СЕРИЯ
Основное заглавие серии Химическая промышленность
Наименование части Сер. "Реактивы и особо чистые вещества"
225 1# - СЕРИЯ
Основное заглавие серии Производство мономеров
Сведения об ответственности ...
320 ## - ПРИМЕЧАНИЯ О НАЛИЧИИ В ДОКУМЕНТЕ БИБЛИОГРАФИИ / УКАЗАТЕЛЯ
Текст примечания Библиогр.: с. 47-55 (113 назв.)
461 #0 - УРОВЕНЬ НАБОРА
Встроенное поле 001rc\335204
-- 2001#$aИонная хроматография. Анализ органических соединений$fС.В. Пурдин, О.А. Шпигун, С.С. Криволапов, А.А. Иванов$vЧ. 2
Системный номер (АБИС) связанной записи 9551482
Место публикации М.
Дата публикации 1989-
Первые сведения об ответственности С.В. Пурдин, О.А. Шпигун, С.С. Криволапов, А.А. Иванов
Имя издателя, распространителя и т.д. НИИТЭхим
Заглавие Ионная хроматография. Анализ органических соединений
Номер тома Ч. 2
701 #1 - ИМЯ ЛИЦА - АЛЬТЕРНАТИВНАЯ ОТВЕТСТВЕННОСТЬ
Начальный элемент ввода Бакланов
Часть имени, кроме начального элемента ввода К.В.
Расширение инициалов личного имени Кирилл Владимирович
801 #0 - ИСТОЧНИК ЗАПИСИ
Страна Российская Федерация
Организация NLR
Правила каталогизации psbo
801 #1 - ИСТОЧНИК ЗАПИСИ
Страна Российская Федерация
Организация ELAR
Источник данных rusmarc
852 ## - МЕСТОНАХОЖДЕНИЕ И ШИФР ХРАНЕНИЯ
Идентификатор организации NLR
Шифр хранения (Call Number) 90-4/346
942 ## - ДОПОЛНИТЕЛЬНЫЕ ЭЛЕМЕНТЫ ЗАПИСИ (АБИС)
Тип экземпляра АБИС Книга
980 ## - КОЛЛЕКЦИЯ
Название коллекции Национальная библиография
Экземпляры
Тип экземпляра Дата поступления Библиотека постоянного хранения Библиотека текущего хранения Место хранения Шифр хранения Штрих-код Статус экземпляра
Книга 26.10.2013 РНБ (Московский) РНБ (Московский) Русский книжный фонд: издания с 1957 года 90-4/346 8763146-10